Debats a Montesquiu : Cicle de xerrades al Parc del Castell de Montesquiu Cicle de xerrades al Parc del Castell de Montesquiu

Publicado: Barcelona : Diputació de Barcelona , 2014
Descripción Física: 1 tríptic ; il·lustracions color ; 21 cm
Idioma: Catalán

MARC

LEADER 00000nam a22000007a 4500
001 27877
003 Arxiu
005 20260324181516.0
008 230516b spa||||| |||| 00| 0 cat d
017 |a B 19718-2014 
040 |a agdb  |b cat 
245 |a Debats a Montesquiu :   |b Cicle de xerrades al Parc del Castell de Montesquiu 
260 |a Barcelona :   |b Diputació de Barcelona ;   |c 2014 
300 |a 1 tríptic ;   |b il·lustracions color ;   |c 21 cm 
500 |a Programa del cicle de xerrades, realitzades entre el 25 d'octubre de 2014 i el 13 de juny del 2015 al Castell de Montesquiu. 
650 0 |9 48301  |a Congressos i conferències  
710 1 |9 52730  |a Barcelona (Catalunya : Província).  |b Gerència de Serveis d’Espais Naturals 
942 |2 udc  |c ARXIU  |n 1 
952 |0 0  |1 0  |2 udc  |4 0  |6 FU75101  |7 1  |9 66347  |a Arxiu  |b Arxiu  |d 2023-05-16  |l 0  |o FU-75-101  |p 27877  |r 2023-05-16 00:00:00  |w 2023-05-16  |y ARXIU 
999 |c 83463  |d 83463